The media moguls : from Joseph Pulitzer to William S. Paley : their lives and boisterous times /

Bibliographic Details
Main Author: Thomas, Dana Lee, 1918-
Format: Book
Language:English
Published: New York : Putnam, [1981]
Subjects:

MARC

Tag First Indicator Second Indicator Subfields
LEADER 00000pam a2200000 a 4500
001 in00000074062
005 20151008060148.0
008 810506s1981 nyu b 00010 eng
010 |a  81008502  
020 |a 0399122184 :  |c $14.95 
035 |a (OCoLC)07555807 
035 |9 AAJ5224AM 
039 0 |a 2  |b 3  |c 3  |d 3  |e 3 
040 |a DLC  |c DLC  |d TXA  |d UtOrBLW 
043 |a n-us--- 
049 |a TXAM  |c [1672933] 
050 0 0 |a PN4855  |b .T5 1981 
082 0 |a 302.2/3  |2 19 
100 1 |a Thomas, Dana Lee,  |d 1918- 
245 1 4 |a The media moguls :  |b from Joseph Pulitzer to William S. Paley : their lives and boisterous times /  |c Dana L. Thomas. 
264 1 |a New York :  |b Putnam,  |c [1981] 
264 4 |c ©1981 
300 |a 237 pages ;  |c 24 cm. 
336 |a text  |b txt  |2 rdacontent 
337 |a unmediated  |b n  |2 rdamedia 
338 |a volume  |b nc  |2 rdacarrier 
504 |a Bibliography: pages 233-237. 
650 0 |a Press  |z United States  |x History. 
999 |a MARS 
999 f f |s c76585ab-f2bf-3bce-a9f9-fcc9381ebfea  |i acf7753b-2557-3ef3-aab4-ade4a45e22b1  |t 0 
952 f f |p normal  |a Texas A&M University  |b College Station  |c Sterling C. Evans Library  |d Evans: Library Stacks  |t 0  |e PN4855 .T5 1981  |h Library of Congress classification  |i unmediated -- volume  |m A14806179367 
998 f f |a PN4855 .T5 1981  |t 0  |l Evans: Library Stacks